Antimicrobial resistance of enterococcus spp.on feline diarrhoea at veterinary clinic in sangkat toul tumpong-1 khan chamkamorn phnom penh, ករណី ENTEROCOCCUS SPP. ស៊ាំនឹងឳសថអង់ទីប៊ីយ៉ូទិកលើរាកពិឡារ នៅគ្លីនិកសត្វ ក្នុងសង្កាត់ទួលទំពួងទី១ ខណ្ឌចំការមន រាជធានីភ្នំពេញ (Record no. 25848)

000 -LEADER
fixed length control field 00787nam a22001217a 4500
040 ## - CATALOGING SOURCE
Transcribing agency VONG PHANNITH , RUA
082 ## - DEWEY DECIMAL CLASSIFICATION NUMBER
Classification number DVM VET 2025 B707 Or.1
100 ## - MAIN ENTRY--AUTHOR NAME
Personal name VETH , CHAMNABVEASNA / វ៉ិត ចំណាប់វាសនា
245 ## - TITLE STATEMENT
Title Antimicrobial resistance of enterococcus spp.on feline diarrhoea at veterinary clinic in sangkat toul tumpong-1 khan chamkamorn phnom penh, ករណី ENTEROCOCCUS SPP. ស៊ាំនឹងឳសថអង់ទីប៊ីយ៉ូទិកលើរាកពិឡារ នៅគ្លីនិកសត្វ ក្នុងសង្កាត់ទួលទំពួងទី១ ខណ្ឌចំការមន រាជធានីភ្នំពេញ
260 ## - PUBLICATION, DISTRIBUTION, ETC. (IMPRINT)
Place of publication PHNOM PENH
Name of publisher RUA
Year of publication 2025
300 ## - PHYSICAL DESCRIPTION
Number of Pages x,47p.
Other physical details ill.
Dimensions 29cm.
942 ## - ADDED ENTRY ELEMENTS (KOHA)
Koha item type DVM
952 ## - LOCATION AND ITEM INFORMATION (KOHA)
Withdrawn status [LOCAL, KOHA] 0
952 ## - LOCATION AND ITEM INFORMATION (KOHA)
Withdrawn status [LOCAL, KOHA] 0
Holdings
Permanent Location Date acquired Koha item type Lost status Shelving location Barcode Current Location Full call number
Library Block B2026-06-04DVM B707B713096Library Block BDVM VET 2025 B707 Or.1
Library Block B2026-06-04DVM B707B712166Library Block BDVM VET 2025 B707 Or.2
មជ្ឈមណ្ឌលឯការនៃសាកលវិទ្យាល័យភូមិន្ទកសិកម្មចំការដូង

Powered by Koha